| 000 | 00760 a2200277 4500 | ||
|---|---|---|---|
| 001 | 200130081 | ||
| 999 |
_c200130081 _d31054 |
||
| 003 | TR-AnTOB | ||
| 005 | 20210924094635.0 | ||
| 008 | 130724s2003 tu 001 0 | ||
| 020 | _a975758266X | ||
| 040 | _aTR-AnTOB | ||
| 041 | _atur | ||
| 050 | 0 |
_aKKX970 _b.C36 2003 |
|
| 090 | _aKKX970.C36 2003 | ||
| 100 | 1 |
_aCan, Mertol _958171 |
|
| 245 | 1 | 0 |
_aDeniz ticareti hukuku / _cMertol Can. |
| 250 | _aGözden geçirilmiş 2. baskı | ||
| 264 | 1 |
_aAnkara: _bİmaj, _c2003 |
|
| 300 |
_axix, 264 sayfa; _c24 cm. |
||
| 504 | _aIncludes bibliographical references. | ||
| 505 | _aI.Gemi -- II.Deniz hukuku kişileri. | ||
| 650 | 0 |
_aDeniz hukuku _zTürkiye _927559 |
|
| 650 | 0 |
_aMaritime law _zTurkey _943805 |
|
| 942 | _cBK | ||